{"text_format":"3","workbook":"xlsx","n_sheets":1,"sheets":["Sheet1"],"read":"whole","date_system":"1900"}

{"sheet":"Sheet1","index":0,"n_rows":10,"n_cols":9,"rows_kept":10,"merged":[[0,0,0,8],[7,0,8,8],[9,0,9,8]]}
["颍上县南照站灌区续建配套与现代化改造项目施工标-仿石栏杆询价汇总表"]
["序号","报价单位","询价项目","计价单位","工程量","单价（元）","合价（元）","税点","备注"]
[1,"安徽省美晨景观园林工程有限公司","仿石栏杆","m",3200,220,{"$f":"E3*F3","v":704000},{"v":0.13,"d":"13%"},"满足附件图纸标准，该报价包含栏杆、卸货、打孔、安装、喷漆等费用"]
[2,"阜阳市颍州区丹枫雅源建材有限公司","仿石栏杆","m",3200,185,{"$f":"E4*F4","v":592000},{"v":0.13,"d":"13%"},"满足附件图纸标准，该报价包含栏杆、卸货、打孔、安装、喷漆等费用"]
[3,"安徽美森鑫源新材料科技有限公司","仿石栏杆","m",3200,270,{"$f":"E5*F5","v":864000},{"v":0.13,"d":"13%"},"满足附件图纸标准，该报价包含栏杆、卸货、打孔、安装、喷漆等费用"]
[4,"芜湖顺安景观材料有限公司","仿石栏杆","m",3200,189,{"$f":"E6*F6","v":604800},{"v":0.13,"d":"13%"},"满足附件图纸标准，该报价包含栏杆、卸货、打孔、安装、喷漆等费用"]
[5,"河北东昂园林雕塑有限公司","仿石栏杆","m",3200,234,{"$f":"E7*F7","v":748800},{"v":0.03,"d":"3%"},"满足附件图纸标准，该报价包含栏杆、卸货、打孔、安装、喷漆等费用"]
["说明：\n     1、上述报价均包含增值税专用发票。\n     2、询价项目技术指标以建设单位和施工图纸要求为准；\n     3、供货完成后，验收合格一次性支付。"]
[]
["    询价人：           技术指标提供：          询价截止时间：2024年11月27日下午15时00分        询价方式：公司网站发布询价"]